|
|
|
|
| LEADER |
00595cam a2200157ua 4500 |
| 020 |
|
|
|a 0-17-443611-4
|
| 082 |
|
|
|a 822.33 W7
|b SHA/K
|
| 245 |
1 |
0 |
|a King Henry VIII
|
| 260 |
|
|
|a London
|b Thomas Nelson
|c 1997
|
| 300 |
|
|
|a ixvii,215p.
|
| 650 |
|
|
|a English literature- Drama
|
| 650 |
0 |
|
|a Shakespeare, William
|
| 942 |
|
|
|c BK
|
| 999 |
|
|
|c 1440
|d 1440
|
| 952 |
|
|
|0 0
|1 0
|4 0
|6 822_330000000000000_W7_SHAK
|7 0
|9 1496
|a KUCL
|b KUCL
|d 2014-05-23
|l 0
|o 822.33 W7 SHA/K
|p 04556
|r 2014-05-23
|y BK
|
| 952 |
|
|
|0 0
|1 0
|4 0
|6 822_330000000000000_W7_SHAK
|7 0
|8 Stack
|9 39979
|a KUCL
|b KUCL
|c Stack
|d 2016-01-22
|l 0
|o 822.33 W7 SHA/K
|p 37741
|r 2016-01-22
|y BK
|